Name-to-Face aespa - Statistics

General Stats
  • This quiz has been taken 22 times
  • The average score is 15 of 16
Answer Stats
Question Tile Select % Correct
Karina Yes
100%
Karina No
100%
Karina No
100%
Karina No
100%
Winter No
100%
NingNing No
100%
NingNing No
100%
Giselle No
95%
Winter No
95%
Winter No
95%
NingNing No
95%
NingNing Yes
95%
Giselle No
90%
Giselle No
90%
Winter Yes
90%
Giselle Yes
85%
No matching quizzes found
Score Distribution
Percent of People with Each Score
Percentile by Number Answered
Your Score History
You have not taken this quiz